000 00719nam a22002057a 4500
005 20240530110958.0
008 221204s2009 au a f b 000 0 eng d
017 _a2009/2/427
040 _aEG-CaGPL
_cEG-CaGPL
082 0 4 _221
_a664.001579
_bف ا
100 0 _aفايز العانى
245 1 0 _aالاحياء الدقيقة فى الاغذية /
_bوالتقنيات الحديثة فى الكشف عنها
_cتاليف فايز العانى
250 _aط.1
260 _aعمان :
_bدار المناهج للنشر والتوزيع،
_c2009
300 _a404 ص. ؛
_c24 سم.
650 0 7 _2qrmak
_aالاغذية
651 _2qrmak
942 _2ddc
_cBK
999 _c67119
_d67119